Podnikateľský plán vybraného malého a stredného podniku diplomová práca

Guardado en:
Detalles Bibliográficos
Autor principal: Torma, Szilárd
Autor Corporativo: Fakulta podnikového manažmentu EU. Katedra manažmentu
Otros Autores: Marsina, Štefan
Formato: Libro
Lenguaje:eslovaco
Publicado: Bratislava 2009
Etiquetas: Agregar Etiqueta
Sin Etiquetas, Sea el primero en etiquetar este registro!

MARC

LEADER 00000nam$a2200000$$$4500
001 0101854
005 20240320075319.2
041 0 |a slo 
044 |a SK 
245 1 0 |a Podnikateľský plán vybraného malého a stredného podniku  |b diplomová práca  |c Szilárd Torma ; škol. Štefan Marsina 
264 1 |a Bratislava  |c 2009 
300 |a 81 s. 
100 1 |a Torma, Szilárd 
700 1 |a Marsina, Štefan 
710 2 |a Fakulta podnikového manažmentu EU. Katedra manažmentu